000 00217 a2200097 4500
001 84037
090 _c40044
_d40043
100 _aQurratul-Ain Haider
245 _aAakhar-i-Shab Ke Humsafar
260 _bSang-e-Meel Publications
942 _aNUST-CAE
999 _c319110
_d319110